000 01189nam a2200265 i 4500
003 DO-SdBNP
005 20251007142704.0
007 ta
008 251007b1964 dr ||||| |||| 00| 0 spa d
040 _aDO-SdBNP
_bspa
_cBNPHU
_erda
041 _aspa
082 4 _a0
_bC965c 1963
_222
100 _aCuello, Antonio,
_d1906-
_eautor
_4aut.
_919700
245 1 0 _aCurso completo de de Correspondencia :
_b66 lecciones /
_cProf. Antonio Cuello
250 _aTercera edición
264 _aSantiago, República Dominicana :
_bImprenta de L. H. Cruz, C. por A.,
_c1963.
300 _a158 páginas ;
_c23 cm.
336 _atexto
_btxt
_2rdacontent
337 _asin mediación
_bn
_2rdamedia
338 _avolumen
_bnc
_2rdacarrier
500 _aQue abarcan correspondencia comercial -- Bancaria, Oficial -- Diplomática y social – Terminología y documentación mercantil – Abundantes modelos y ejercicios prácticos. Fácil -- Sencillo -- Eficaz -- Más de 3000 graduandos en diferentes especialidades comerciales, han logrado, siguiendo con interés este curso, magnifica reducción en corto tiempo.
590 _aInventariado, 2025 /LP
910 _aLPérez
942 _2ddc
_cLBS1
999 _c59923
_d59923